LIBRARY & INFORMATION CENTRE, KCAET, TAVANUR

ONLINE PUBLIC ACCESS CATALOGUE (OPAC)

Basic shop theory sheet metal / (Record no. 1768)

MARC details
000 -LEADER
fixed length control field 00464cam a2200181ua 4500
041 ## - LANGUAGE CODE
Language code of text/sound track or separate title eng
082 ## - DEWEY DECIMAL CLASSIFICATION NUMBER
Classification number 671.823
Item number GUP/BA
100 ## - MAIN ENTRY--AUTHOR NAME
Personal name Gupta, R.C .
245 ## - TITLE STATEMENT
Title Basic shop theory sheet metal /
250 ## - EDITION STATEMENT
Edition statement 1 /
260 ## - PUBLICATION, DISTRIBUTION, ETC. (IMPRINT)
Place of publication New Delhi :
Name of publisher Dhanpat Rai Publishing Co. Pvt. Ltd. ,
Year of publication 1988.
300 ## - PHYSICAL DESCRIPTION
Number of Pages 266 :
Other physical details ` ; .
942 ## - ADDED ENTRY ELEMENTS (KOHA)
Koha item type Books
Holdings
Withdrawn status Lost status Damaged status Home library Current library Date acquired Full call number Accession Number Koha item type
      KAUAET KAUAET 07/04/2012 671.823 18053 Books
free website counter